| 000 | 00699nam a2200229 a 4500 | ||
|---|---|---|---|
| 008 | |||
| 020 | _a0890069891 (hbk.) | ||
| 090 | _aTK7871.58.P6 | ||
| 100 | 1 | _aCripps, Steven C. | |
| 245 | 1 | 0 |
_aRF Power Amplifiers for wireless communications _c Steve C Cripps. |
| 260 |
_aLondon : _b Artech House, _c1999 |
||
| 300 |
_axiii, 337p. : _bill. ; _c24cm. |
||
| 500 | _aIncludes bibliographical references. | ||
| 500 | _aIncludes index. | ||
| 650 |
_aAmplifiers _v power amplifiers |
||
| 907 |
_a.b10175246 _b14-09-05 _c12-09-05 |
||
| 999 |
_aLOCAL MN _c159929 _d159929 |
||
| 003 | |||
| 005 | 20230123134107.0 | ||
| 040 | _cNUST | ||
| 049 | _aMAIN | ||
| 942 |
_cBOOKS _kTK7871.58.P6 |
||